[Event "Dhaka Al Mahmud Memorial"]
[Site "Dhaka"]
[Date "2022.02.05"]
[Round "1"]
[White "Md Abzid, Rahman"]
[Black "Afzal, Kazi Md Mahbub"]
[Result "1-0"]
[WhiteElo "2106"]
[BlackElo "1731"]
[PlyCount "45"]
[EventDate "2022.02.05"]
[EventType "swiss"]
[EventRounds "9"]
[EventCountry "BAN"]
[SourceTitle "EXT 2023"]
[Source "ChessBase"]
[SourceDate "2022.10.05"]
[SourceVersion "1"]
[SourceVersionDate "2022.10.05"]
[SourceQuality "1"]

1. d4 d5 2. e3 Nf6 3. Bd3 Bg4 4. f3 Bh5 5. c4 dxc4 6. Bxc4 e6 7. Qb3 b6 8. Ne2 Bd6 9. Nbc3 0-0 10. e4 e5 11. d5 c6 12. Bg5 h6 13. Bh4 b5 14. Bd3 b4 15. Na4 cxd5 16. Bxf6 Qxf6 17. Qxd5 Nd7 18. Rc1 Rac8 19. 0-0 Nb6 20. Nxb6 axb6 21. Ng3 Bg6 22. Rxc8 Rxc8 23. Qb5 1-0

[Event "Dhaka Bangabandhu op-B"]
[Site "Dhaka"]
[Date "2021.03.14"]
[Round "6"]
[White "Md, Aminul Islam"]
[Black "Afzal, Kazi Md Mahbub"]
[Result "1-0"]
[WhiteElo "1891"]
[BlackElo "1651"]
[PlyCount "50"]
[EventDate "2021.03.09"]
[EventType "swiss"]
[EventRounds "9"]
[EventCountry "BAN"]
[SourceTitle "CBM 201 Extra"]
[Source "ChessBase"]
[SourceDate "2021.05.31"]
[SourceVersion "1"]
[SourceVersionDate "2021.05.31"]
[SourceQuality "1"]

1. d4 d5 2. Nf3 h6 3. c4 Nf6 4. cxd5 Nxd5 5. e4 Nf6 6. Nc3 Bg4 7. e5 Nd5 8. Bc4 Nb6 9. Bb3 Nc6 10. e6 fxe6 11. 0-0 Nxd4 12. Qxd4 Bxf3 13. Qxd8+ Rxd8 14. gxf3 Nd5 15. Be3 b6 16. Rad1 c6 17. Rfe1 Kf7 18. f4 g6 19. Bd4 Rg8 20. Be5 h5 21. Ne4 Ke8 22. Ng5 Kd7 23. Bc3 Bg7 24. Bxg7 Rxg7 25. Nxe6 Rf7 1-0

[Event "Dhaka Bangabandhu op-B"]
[Site "Dhaka"]
[Date "2021.03.11"]
[Round "3"]
[White "Afzal, Kazi Md Mahbub"]
[Black "A K M, Kamruzzaman"]
[Result "1/2-1/2"]
[WhiteElo "1651"]
[BlackElo "1829"]
[PlyCount "27"]
[EventDate "2021.03.09"]
[EventType "swiss"]
[EventRounds "9"]
[EventCountry "BAN"]
[SourceTitle "CBM 201 Extra"]
[Source "ChessBase"]
[SourceDate "2021.05.31"]
[SourceVersion "1"]
[SourceVersionDate "2021.05.31"]
[SourceQuality "1"]

1. e4 d5 2. exd5 Nf6 3. c4 e6 4. dxe6 Bxe6 5. d4 Bb4+ 6. Nc3 Ne4 7. Bd2 Qxd4 8. Nxe4 Qxe4+ 9. Qe2 Bxd2+ 10. Kxd2 Qd4+ 11. Ke1 Nc6 12. Nf3 Qc5 13. Qe3 Qh5 14. Qc3 1/2-1/2

[Event "BAN-chT"]
[Site "Dhaka"]
[Date "2018.12.16"]
[Round "11.2"]
[White "Afzal, Kazi Md Mahbub"]
[Black "Aronyak, Ghosh"]
[Result "0-1"]
[WhiteElo "1654"]
[BlackElo "2343"]
[PlyCount "49"]
[EventDate "2018.12.06"]
[EventType "team-tourn"]
[EventRounds "11"]
[EventCountry "BAN"]
[SourceTitle "CBM 187 Extra"]
[Source "ChessBase"]
[SourceDate "2018.11.04"]
[SourceVersion "1"]
[SourceVersionDate "2018.11.04"]
[SourceQuality "1"]
[WhiteTeam "Fire Service & Civil Defense"]
[BlackTeam "Golden Sporting"]
[WhiteTeamCountry "BAN"]
[BlackTeamCountry "BAN"]

1. e4 Nf6 2. e5 Nd5 3. c4 Nb6 4. d4 d6 5. Nf3 g6 6. h3 Bg7 7. Nc3 0-0 8. Bd3 dxe5 9. dxe5 Nc6 10. Qe2 Be6 11. a3 Nd4 12. Nxd4 Qxd4 13. Nb5 Qxe5 14. Qxe5 Bxe5 15. f4 Rad8 16. Ke2 Bf6 17. c5 Na4 18. Nxc7 Bb3 19. Nb5 Nxc5 20. Bb1 Bc4+ 21. Kf2 Bxb5 22. Bc2 Nd3+ 23. Bxd3 Rxd3 24. Rb1 Rc8 25. Ke1 0-1

[Event "Dhaka Walton op 07"]
[Site "Dhaka"]
[Date "2018.07.09"]
[Round "6"]
[White "Afzal, Kazi Md Mahbub"]
[Black "Gulam, Sarwar"]
[Result "0-1"]
[WhiteElo "1662"]
[BlackElo "1850"]
[PlyCount "72"]
[EventDate "2018.07.04"]
[EventType "swiss"]
[EventRounds "9"]
[EventCountry "BAN"]
[SourceTitle "EXT 2019"]
[Source "ChessBase"]
[SourceDate "2018.10.10"]
[SourceVersion "1"]
[SourceVersionDate "2018.10.10"]
[SourceQuality "1"]

1. e4 e5 2. Nf3 Nc6 3. Bc4 Be7 4. 0-0 Nf6 5. Re1 0-0 6. c3 Nxe4 7. Bb3 d5 8. d3 Nf6 9. Nxe5 Nxe5 10. Rxe5 Bd6 11. Re1 Bxh2+ 12. Kxh2 Ng4+ 13. Kg3 Qd6+ 14. Bf4 Qg6 15. Kf3 Nf6 16. Ke3 Qxg2 17. Bg3 Ng4+ 18. Kd2 Nf6 19. Rg1 Qh3 20. Bxc7 Qf5 21. Qf1 Bd7 22. Qg2 g6 23. Na3 Rac8 24. Bh2 Bc6 25. Rae1 d4 26. Qg3 Rfd8 27. Re5 dxc3+ 28. bxc3 Ne4+ 29. Rxe4 Bxe4 30. d4 Qa5 31. Nc4 Rxd4+ 32. Kc1 Rcxc4 33. Qb8+ Rd8 34. Qxd8+ Qxd8 35. Bxc4 Qc8 36. Bb3 Qxc3+ 0-1

[Event "Dhaka IRT U2000"]
[Site "Dhaka"]
[Date "2018.02.21"]
[Round "8"]
[White "Rana Pratap, Singha"]
[Black "Afzal, Kazi Md Mahbub"]
[Result "0-1"]
[WhiteElo "1869"]
[BlackElo "1752"]
[PlyCount "64"]
[EventDate "2018.02.14"]
[EventType "swiss"]
[EventRounds "9"]
[EventCountry "BAN"]
[SourceTitle "EXT 2024"]
[Source "ChessBase"]
[SourceDate "2023.10.10"]
[SourceVersion "1"]
[SourceVersionDate "2023.10.10"]
[SourceQuality "1"]

1. Nf3 Nc6 2. d4 d5 3. g3 h6 4. Bg2 Bf5 5. c4 e6 6. 0-0 Nf6 7. Nc3 Be7 8. a3 0-0 9. b4 dxc4 10. Bb2 Nd5 11. b5 Nb8 12. Ne5 Nd7 13. Nxd5 exd5 14. Bxd5 Nxe5 15. dxe5 c6 16. bxc6 bxc6 17. Bxc4 Qb6 18. Qd4 Bc5 19. Qc3 Rad8 20. e3 Be7 21. Rfd1 Rb8 22. Rd2 Rfd8 23. Rad1 Bh3 24. e4 Kh7 25. Bxf7 Qxb2 26. Qxb2 Rxb2 27. Rxd8 Bxd8 28. e6 Bb6 29. e7 Bxf2+ 30. Kh1 Bc5 31. Bg6+ Kxg6 32. e8Q+ Kh7 0-1

[Event "Dhaka IRT U2000"]
[Site "Dhaka"]
[Date "2018.02.17"]
[Round "4"]
[White "Afzal, Kazi Md Mahbub"]
[Black "Sibu, Podder"]
[Result "0-1"]
[WhiteElo "1752"]
[BlackElo "1868"]
[PlyCount "76"]
[EventDate "2018.02.14"]
[EventType "swiss"]
[EventRounds "9"]
[EventCountry "BAN"]
[SourceTitle "EXT 2024"]
[Source "ChessBase"]
[SourceDate "2023.10.10"]
[SourceVersion "1"]
[SourceVersionDate "2023.10.10"]
[SourceQuality "1"]

1. e4 e5 2. Nf3 Nc6 3. Bc4 Nd4 4. Nxd4 exd4 5. 0-0 d6 6. h3 Be6 7. Bxe6 fxe6 8. Qh5+ g6 9. Qb5+ c6 10. Qxb7 Qc8 11. Qxc8+ Rxc8 12. d3 Bg7 13. Nd2 Ne7 14. Nc4 Kd7 15. Bg5 h6 16. Bxe7 Kxe7 17. f4 d5 18. Nd2 Rhf8 19. Rae1 Kd7 20. Re2 Rf7 21. g3 g5 22. fxg5 Rxf1+ 23. Kxf1 hxg5 24. Rf2 Ke7 25. exd5 cxd5 26. Nf3 Bf6 27. h4 gxh4 28. Nxh4 Rg8 29. Re2 Kd6 30. Kf2 Bxh4 31. gxh4 Rg4 32. c4 dxc4 33. Re4 Rxe4 34. dxe4 Ke5 35. h5 Kf6 36. e5+ Kxe5 37. b4 cxb3 38. axb3 Kf6 0-1

[Event "Chennai op 10th"]
[Site "Chennai"]
[Date "2018.01.18"]
[Round "1"]
[White "Nitin, Senthilvel"]
[Black "Afzal, Kazi Md Mahbub"]
[Result "1-0"]
[WhiteElo "2422"]
[BlackElo "1779"]
[PlyCount "93"]
[EventDate "2018.01.18"]
[EventType "swiss"]
[EventRounds "10"]
[EventCountry "IND"]
[SourceTitle "CBM 182 Extra"]
[Source "ChessBase"]
[SourceDate "2018.02.23"]
[SourceVersion "1"]
[SourceVersionDate "2018.02.23"]
[SourceQuality "1"]

1. e4 e5 2. Nf3 Nc6 3. Nc3 Bc5 4. Nxe5 Bxf2+ 5. Kxf2 Nxe5 6. d4 Nc6 7. Be3 d6 8. Be2 Qh4+ 9. g3 Qd8 10. Kg2 Nf6 11. Rf1 h6 12. Bf3 a6 13. Qe2 0-0 14. Rae1 Nh7 15. Bg4 Ne7 16. Bxc8 Qxc8 17. a4 c6 18. a5 f5 19. Bf4 Qd7 20. e5 dxe5 21. Qc4+ Kh8 22. dxe5 Rad8 23. e6 Qc8 24. Na4 c5 25. Qxc5 Rfe8 26. Re2 Qc6+ 27. Qxc6 Nxc6 28. Bc7 Rd4 29. Nc3 g6 30. Rfe1 Kg7 31. Bb6 Rc4 32. Nd5 Nf6 33. Nxf6 Kxf6 34. b3 Re4 35. Rxe4 fxe4 36. Rxe4 Rxe6 37. Rxe6+ Kxe6 38. Kf3 Nb4 39. c3 Nd3 40. Ke4 Ne5 41. Bd4 Nc6 42. b4 g5 43. g4 Ne7 44. c4 Ng6 45. Bg7 Ne7 46. Bxh6 Kf6 47. Bf8 1-0

[Event "BAN Walton 1st League"]
[Site "Dhaka"]
[Date "2016.12.12"]
[Round "7.1"]
[White "Afzal, Kazi Md Mahbub"]
[Black "Nasir, SAM"]
[Result "0-1"]
[WhiteElo "1862"]
[BlackElo "2053"]
[PlyCount "100"]
[EventDate "2016.12.06"]
[EventType "team-tourn"]
[EventRounds "9"]
[EventCountry "BAN"]
[SourceTitle "CBM 176 Extra"]
[Source "ChessBase"]
[SourceDate "2017.03.02"]
[SourceVersion "1"]
[SourceVersionDate "2017.03.02"]
[SourceQuality "1"]
[WhiteTeam "Sultana Kamal Smirity Pathagar"]
[BlackTeam "Sonali Bank Sports"]
[WhiteTeamCountry "BAN"]
[BlackTeamCountry "BAN"]

1. e4 d6 2. c3 g6 3. d4 Bg7 4. Bg5 Nf6 5. Nd2 h6 6. Bh4 0-0 7. Ngf3 c6 8. Bd3 Nbd7 9. 0-0 e5 10. Nc4 Qc7 11. Rc1 Re8 12. Bg3 Nh5 13. dxe5 dxe5 14. Bb1 Nxg3 15. fxg3 Re6 16. Qd2 b5 17. Ne3 Rd6 18. Qf2 Nf8 19. a3 Be6 20. c4 a6 21. b4 Qb7 22. c5 Rdd8 23. Ba2 Bxa2 24. Qxa2 Qe7 25. Rcd1 Qe6 26. Qxe6 Nxe6 27. Ng4 f6 28. Nh4 Rxd1 29. Rxd1 Nd4 30. Nxg6 a5 31. Ne7+ Kf7 32. Nf5 axb4 33. Nxd4 exd4 34. axb4 Rd8 35. Rd3 Ke6 36. Kf1 h5 37. Nf2 Ke5 38. Ke2 Ra8 39. Rb3 Bh6 40. Kf3 Be3 41. Nd3+ Ke6 42. Nf4+ Ke5 43. Nxh5 Ra2 44. Nf4 Rf2+ 45. Kg4 Bxf4 46. gxf4+ Rxf4+ 47. Kg3 Kxe4 48. h4 Rf1 49. h5 d3 50. Rb2 Ke3 0-1

[Event "BAN-chB 42nd"]
[Site "Dhaka"]
[Date "2016.10.25"]
[Round "6"]
[White "Md, Sariatullah"]
[Black "Afzal, Kazi Md Mahbub"]
[Result "1/2-1/2"]
[WhiteElo "1976"]
[BlackElo "1805"]
[PlyCount "108"]
[EventDate "2016.10.20"]
[EventType "swiss"]
[EventRounds "11"]
[EventCountry "BAN"]
[SourceTitle "CBM 175 Extra"]
[Source "ChessBase"]
[SourceDate "2016.12.12"]
[SourceVersion "1"]
[SourceVersionDate "2016.12.12"]
[SourceQuality "1"]

1. e4 e5 2. Nf3 Nc6 3. Bc4 Bc5 4. 0-0 d6 5. c3 h6 6. d4 exd4 7. cxd4 Bb6 8. Qb3 Qe7 9. e5 dxe5 10. Nxe5 Nxe5 11. dxe5 Be6 12. Nc3 c6 13. Ne4 Bxc4 14. Qxc4 Qxe5 15. Rd1 Rd8 16. Bf4 Qxf4 17. Nd6+ Qxd6 18. Rxd6 Rxd6 19. Qg4 Ne7 20. Re1 Kd8 21. Qxg7 Re8 22. Qxf7 Rd2 23. Rf1 Nd5 24. h4 Rxb2 25. Qg7 Ree2 26. Qf8+ Kd7 27. Qf5+ Kd6 28. Qf8+ Kc7 29. Qg7+ Ne7 30. Qg3+ Kc8 31. Qg4+ Kb8 32. Qf4+ Bc7 33. Qxh6 a6 34. h5 Bb6 35. Qg7 Ka7 36. h6 Nf5 37. Qg5 Nxh6 38. Qxh6 Bxf2+ 39. Rxf2 Rxf2 40. Qe3+ Kb8 41. Qe8+ Kc7 42. Qe7+ Kb6 43. Qd8+ Kb5 44. Qd3+ Ka4 45. Qd4+ Ka3 46. Qc5+ Kxa2 47. Qc4+ Ka3 48. Qc3+ Ka4 49. Qd4+ Kb5 50. Qd3+ Kb6 51. Qd8+ Kc5 52. Qe7+ Kd5 53. Qd7+ Kc4 54. Qe6+ Kb5 1/2-1/2

[Event "BAN-chB 42nd"]
[Site "Dhaka"]
[Date "2016.10.20"]
[Round "1"]
[White "Afzal, Kazi Md Mahbub"]
[Black "Ahmed, Mahtabuddin"]
[Result "0-1"]
[WhiteElo "1805"]
[BlackElo "2106"]
[PlyCount "70"]
[EventDate "2016.10.20"]
[EventType "swiss"]
[EventRounds "11"]
[EventCountry "BAN"]
[SourceTitle "CBM 175 Extra"]
[Source "ChessBase"]
[SourceDate "2016.12.12"]
[SourceVersion "1"]
[SourceVersionDate "2016.12.12"]
[SourceQuality "1"]

1. e4 e5 2. Nf3 Nc6 3. Bc4 Bc5 4. c3 Qe7 5. 0-0 d6 6. h3 Nf6 7. Re1 Bb6 8. d4 a6 9. Bg5 h6 10. Bh4 g5 11. Bg3 Rg8 12. Bd5 g4 13. hxg4 Bxg4 14. Bxc6+ bxc6 15. Qa4 Qd7 16. Nbd2 Nh5 17. Bh4 f6 18. Rad1 Bxf3 19. Nxf3 Qg4 20. Qxc6+ Ke7 21. Kf1 Qxg2+ 22. Ke2 Nf4+ 23. Ke3 Qg4 24. Rg1 Qe6 25. b3 Rxg1 26. Rxg1 Rg8 27. Rxg8 Qxg8 28. Bg3 Nh5 29. Bh4 Qg4 30. Qd5 Nf4 31. Qa8 Ng2+ 32. Kd2 Nxh4 33. Nxh4 Qxh4 34. Qxa6 Qxf2+ 35. Qe2 exd4 0-1

[Event "BAN-chT"]
[Site "Dhaka"]
[Date "2015.12.13"]
[Round "8.2"]
[White "Afzal, Kazi Md Mahbub"]
[Black "Mohammad, Minhaz Uddin"]
[Result "0-1"]
[WhiteElo "1835"]
[BlackElo "2439"]
[PlyCount "50"]
[EventDate "2015.12.06"]
[EventType "team-tourn"]
[EventRounds "9"]
[EventCountry "BAN"]
[SourceTitle "EXT 2017"]
[Source "ChessBase"]
[SourceDate "2016.10.25"]
[SourceVersion "1"]
[SourceVersionDate "2016.10.25"]
[SourceQuality "1"]
[WhiteTeam "Pathagar Sultana Kamal"]
[BlackTeam "Bangladesh Navy"]
[WhiteTeamCountry "BAN"]
[BlackTeamCountry "BAN"]

1. e4 e5 2. Nf3 Nf6 3. Nc3 Nc6 4. a3 Be7 5. Bc4 Nxe4 6. Nxe4 d5 7. Bb5 dxe4 8. Nxe5 Qd5 9. Nxc6 bxc6 10. Be2 Qg5 11. g3 Bh3 12. d3 Qg6 13. Be3 0-0 14. dxe4 Rad8 15. Bd3 Bg2 16. Rg1 Bxe4 17. Qe2 Bxd3 18. cxd3 Rxd3 19. Rd1 Rxd1+ 20. Qxd1 Rd8 21. Qc1 Qh5 22. h4 Bf6 23. Bd2 Bd4 24. b3 Re8+ 25. Be3 Qf3 0-1